[Event "Vicente Lopez ProAm 100 Years op"]
[Site "Buenos Aires"]
[Date "2022.10.15"]
[Round "5"]
[White "Spata, German"]
[Black "Valerga, Diego"]
[Result "1/2-1/2"]
[WhiteElo "2289"]
[BlackElo "2434"]
[PlyCount "62"]
[EventDate "2022.10.11"]
[EventType "swiss"]
[EventRounds "9"]
[EventCountry "ARG"]
[SourceTitle "CBM 210 Extra"]
[Source "ChessBase"]
[SourceDate "2022.11.30"]
[SourceVersion "1"]
[SourceVersionDate "2022.11.30"]
[SourceQuality "1"]

1. d4 Nf6 2. Nf3 e6 3. Bf4 b6 4. e3 Bb7 5. Bd3 Be7 6. h3 c5 7. c3 0-0 8. 0-0 cxd4 9. cxd4 Nc6 10. a3 d5 11. Nc3 a6 12. Nd2 Ne8 13. b4 Bd6 14. Bxd6 Nxd6 15. Rc1 Ne7 16. Qb3 Qb8 17. a4 Rc8 18. Rc2 Rc7 19. Rfc1 Qd8 20. b5 a5 21. Ne2 Rac8 22. Qb1 h6 23. Rxc7 Rxc7 24. Rxc7 Qxc7 25. Qc1 Qxc1+ 26. Nxc1 f6 27. f3 Kf7 28. Kf2 g5 29. Na2 e5 30. Nc3 exd4 31. exd4 Ke6 1/2-1/2

[Event "ARG-ch 96th"]
[Site "Buenos Aires"]
[Date "2022.06.11"]
[Round "10"]
[White "Valerga, Diego"]
[Black "Villegas, Franco"]
[Result "1/2-1/2"]
[WhiteElo "2428"]
[BlackElo "2311"]
[PlyCount "78"]
[EventDate "2022.06.02"]
[EventType "swiss"]
[EventRounds "11"]
[EventCountry "ARG"]
[SourceTitle "EXT 2023"]
[Source "ChessBase"]
[SourceDate "2022.10.05"]
[SourceVersion "1"]
[SourceVersionDate "2022.10.05"]
[SourceQuality "1"]

1. d4 Nf6 2. c4 e6 3. Nc3 Bb4 4. e3 b6 5. Nge2 Ne4 6. Bd2 Nxd2 7. Qxd2 Bb7 8. a3 Bxc3 9. Nxc3 Qh4 10. d5 d6 11. Be2 Nd7 12. Nb5 Qd8 13. 0-0 0-0 14. b4 Nf6 15. Nc3 Qe7 16. Rfd1 Rfd8 17. Bf3 Rac8 18. Nb5 a6 19. Nd4 exd5 20. cxd5 Qe5 21. Ne2 c6 22. dxc6 Bxc6 23. Bxc6 Rxc6 24. Nd4 Rc4 25. Rac1 Rdc8 26. Nf3 Qe6 27. Rxc4 Rxc4 28. h3 d5 29. Qb2 Qc8 30. Qe5 h6 31. Nd4 Rc1 32. Rxc1 Qxc1+ 33. Kh2 Qxa3 34. Qb8+ Kh7 35. Qf8 Qb2 36. f3 Kg6 37. Qc8 Kh7 38. Qf8 Kg6 39. Qc8 Kh7 1/2-1/2

[Event "ARG-ch 96th"]
[Site "Buenos Aires"]
[Date "2022.06.04"]
[Round "3"]
[White "Herrera, Martin"]
[Black "Valerga, Diego"]
[Result "0-1"]
[WhiteElo "2213"]
[BlackElo "2428"]
[PlyCount "130"]
[EventDate "2022.06.02"]
[EventType "swiss"]
[EventRounds "11"]
[EventCountry "ARG"]
[SourceTitle "CBM 208 Extra"]
[Source "ChessBase"]
[SourceDate "2022.07.31"]
[SourceVersion "1"]
[SourceVersionDate "2022.07.31"]
[SourceQuality "1"]

1. d4 Nf6 2. c4 e6 3. Nf3 Bb4+ 4. Nbd2 0-0 5. a3 Bxd2+ 6. Qxd2 b6 7. g3 Bb7 8. Bg2 d6 9. 0-0 a5 10. b3 Nbd7 11. Bb2 Qe7 12. d5 e5 13. Nh4 g6 14. f4 exf4 15. Qxf4 Ne8 16. Nf3 Ng7 17. e4 f6 18. Qh6 Rae8 19. b4 Ba6 20. Rac1 Rf7 21. Rfe1 Qf8 22. Qd2 axb4 23. axb4 Ne5 24. Nxe5 fxe5 25. c5 Bb5 26. Bf1 Bxf1 27. Rxf1 Nh5 28. Qe2 Ree7 29. cxd6 cxd6 30. Rxf7 Rxf7 31. b5 Nf6 32. Ba3 Ra7 33. Rc3 Nd7 34. Rf3 Qe7 35. Qc4 Nf6 36. Rc3 Kg7 37. Kg2 Ne8 38. Qc8 Nc7 39. Rc6 Nxb5 40. Bb4 Qf7 41. Rc2 Qd7 42. Qxd7+ Rxd7 43. Rc6 Rb7 44. Bxd6 Nxd6 45. Rxd6 b5 46. Rc6 Kf7 47. Rc3 b4 48. Rb3 Ke7 49. Kf3 Kd6 50. Ke3 Kc5 51. Kd3 Ra7 52. Rb2 Ra3+ 53. Kd2 Kc4 54. Rc2+ Kd4 55. Kc1 Kxe4 56. d6 Ra8 57. d7 Rd8 58. Rd2 Kf5 59. Rd6 e4 60. Kb2 Ke5 61. Rd1 Ke6 62. Rd4 Ke5 63. Rd1 e3 64. Kb3 Ke4 65. Kxb4 e2 0-1

[Event "Montevideo Duchamp Cup 5th"]
[Site "Montevideo"]
[Date "2022.02.14"]
[Round "4"]
[White "Hungaski, Robert Andrew"]
[Black "Valerga, Diego"]
[Result "1-0"]
[WhiteElo "2537"]
[BlackElo "2431"]
[PlyCount "53"]
[EventDate "2022.02.12"]
[EventType "swiss"]
[EventRounds "9"]
[EventCountry "URU"]
[SourceTitle "CBM 206 Extra"]
[Source "ChessBase"]
[SourceDate "2022.03.31"]
[SourceVersion "1"]
[SourceVersionDate "2022.03.31"]
[SourceQuality "1"]

1. d4 Nf6 2. c4 e6 3. Nc3 Bb4 4. a3 Bxc3+ 5. bxc3 c5 6. f3 d5 7. cxd5 Nxd5 8. dxc5 f5 9. Nh3 Qa5 10. e4 fxe4 11. fxe4 Nf6 12. Be2 Qxc5 13. Qd4 Qxd4 14. cxd4 Nxe4 15. 0-0 Nf6 16. Nf4 Nc6 17. Bc4 Nxd4 18. Bb2 Nc2 19. Rac1 Ne3 20. Bxe6 Bxe6 21. Rfe1 Ned5 22. Rxe6+ Kf7 23. Rxf6+ Nxf6 24. Rc7+ Kg8 25. Bxf6 gxf6 26. Ne6 Re8 27. Rg7# 1-0